00659cam a2200193 a 45000010009000000050017000090080041000260200019000670410008000860800015000941000021001092450050001302640056001803000033002365040051002696530031003206530029003516530085003801670421920221114113140.0110323s2013 maua b 001 0 eng  a9781449637514x aeng a576.3 P-931 aPlopper, George.10aPrinciples of cell biology /cGeorge Plopper. aBurlington, MA :bJones & Bartlett Learning,c2013. a510 p. :bcol. ill ;c28 cm. aIncludes bibliographical references and index. aPrinciples of cell biology aბიოლოგია aუჯრედის ბიოლოგიის პრინციპები